00599nam a2200145Ia 4500008004100000020001800041100002000059245008100079260002200160650002400182650011400206856004100320999001900361952007300380171212s9999 xx 000 0 und d a9781760460501 aBoyden, Stephen cBoyden, StephenaThe BionarrativebThe story of life and hope for the future bANU E Pressc2016 aBiological Sciences aHuman ecology; Human evolution; Nature -- Effect of human beings on; Human beings -- Effect of environment on uhttp://jstor.org/stable/j.ctt1rqc9c8 c351347d351347 001040aCLbCLd2017-12-12l0r2017-12-12 00:00:00w2017-12-12yCBE